000 00878nam a22002897a 4500
001 BR7907329
003 BR-BrBNA
005 20230928090241.0
007 ta
008 230509b bl.||||| |||| 00| 0 por d
040 _aBR-BrBNA
_bpor
_cBiblioteca Nacional de Agricultura
041 _a(Por)
072 _aE50; E10
_b/G514
090 _ E50 BR7907329
110 1 _aFundacao Instituto Paranaense de Desenvolvimento Economico e Social, Curitiba, PR (Brasil)
_94970
245 1 _aOs migrantes na area metropolitana de Curitiba [Parana, Brasil]
260 3 _aCuritiba, PR (Brasil):
_c1970.
300 _a218 p.
500 _a18 graphs; 69 tables; 1 Map scale 1:600.000; 26 ref.
650 _aSOCIOLOGIA RURAL
650 _aMIGRACAO RURAL
650 _aMAO-DE-OBRA
650 _aCURITIBA
650 _aPARANA
909 _a202309
_bLucia
_c55
_dLucia Elande
942 _cBK
999 _c28194
_d28194